Handbook of basic Bible texts: (Record no. 3325)

000 -LEADER
fixed length control field 00764nam a2200193 a 4500
001 - CONTROL NUMBER
control field :::00001055$&:&@@
003 - CONTROL NUMBER IDENTIFIER
control field OkBaRHE
005 - DATE AND TIME OF LATEST TRANSACTION
control field 20100331160759.0
008 - FIXED-LENGTH DATA ELEMENTS--GENERAL INFORMATION
fixed length control field s1984 j 000 0 eng u
040 ## - CATALOGING SOURCE
Transcribing agency
100 1# - MAIN ENTRY--PERSONAL NAME
Personal name Davis, John Jefferson.
245 10 - TITLE STATEMENT
Title Handbook of basic Bible texts:
Remainder of title every key passage for the study of doctrine and theology.
260 ## - PUBLICATION, DISTRIBUTION, ETC. (IMPRINT)
Place of publication, distribution, etc Grand Rapids, MI., :
Name of publisher, distributor, etc Zondervan Publishing House
Date of publication, distribution, etc 1984
300 ## - PHYSICAL DESCRIPTION
Extent 158 p. ;
Dimensions 21 cm.
650 ## - SUBJECT ADDED ENTRY--TOPICAL TERM
Topical term or geographic name as entry element Bible
General subdivision Criticism, Interpretation, etc.
942 ## - ADDED ENTRY ELEMENTS (KOHA)
Source of classification or shelving scheme
Koha item type Books
Copies
Source of classification or shelving scheme Withdrawn status Koha item type Barcode Damaged status Permanent Location Lost status Price effective from Full call number Date acquired Not for loan Date last seen Shelving location Copy number
  Books1055 RHEMA Bible Training College 2010-04-14BS 511.2 .D38 19842010-04-14 2010-04-14General Stacks1
  Books16074 RHEMA Bible Training College 2010-04-14BS 511.2 .D38 19842010-04-14 2010-04-14General Stacks2